00625nam a2200181Ia 4500003000400000005001700004008004100021020000700062040000700069041000800076082001600084100009000100245016000190260003800350300001100388650002200399650002200421OSt20240808120652.0210719s2015 xx 000 0 und d aAL cAL akan aK894.9 BHUK aBHUVANA PRASADA HEGDE (B): ಭುವನ ಪ್ರಸಾದ ಹೆಗಡೆ (ಬಿ)  aKayyara shatapurti sambhrama: baduku baraha gavravabಕಯ್ಯಾರ ಶತಪೂರ್ತಿ ಸಂಭ್ರಮ ಬದುಕು ಬರಹ ಗೌರವ  aManipalabPavana Prakashanac2015 a48bPB aKannada Criticism aKannada Criticism